000 01068nam a22002777a 4500
999 _c64980
_d64980
005 20240530110800.0
008 190102s2018 ua g b 000 0 ara d
017 _a2017/22825
_bمصر. دار الكتب
020 _a9789777801119
040 _aEG-CaGPL
_cEG-CaGPL
082 0 4 _221
_a212/
_bس ت
100 0 _aسعيد اسماعيل القاضى
245 1 2 _aالتربية الارادية للابناء والاباء /
_cسعيد اسماعيل القاضى
250 _aط.1
260 _aالقاهرة :
_bعالم الكتب،
_c2018.
300 _a436 ص. ؛
_c19 سم.
490 0 _aسلسلة تربية الابناء والاباء فى الاسلام ؛
_v8.
504 _aيشتمل على ارجاعات ببليوجرافية
650 0 7 _2qrmak
_aالتربية الاسلامية
650 0 7 _2qrmak
_aالاخلاق الاسلامية
650 0 7 _2qrmak
_aالاطفال
_xتربية
650 0 7 _2qrmak
_aعلم النفس التربوى
651 _2qrmak
942 _2ddc
_cBK